| 000 | 00651nam a2200241Ia 4500 | ||
|---|---|---|---|
| 003 | OSt | ||
| 005 | 20220924143321.0 | ||
| 006 | a|||||r|||| 00| 0 | ||
| 007 | ta | ||
| 008 | 220923b |||||||| |||| 00| 0 urd d | ||
| 024 | _a307758 | ||
| 037 | _cTextual | ||
| 040 |
_aARTS _cARTS _burd |
||
| 041 |
_2urd _aurd |
||
| 082 | _aDelta73x, 168P7 | ||
| 100 |
_aKhan Mohammad Masiullah _9215427 |
||
| 245 | 0 | _aMalfoozat | |
| 260 | _c2007 | ||
| 650 | _aSPIRurdALISM | ||
| 700 |
_a Ishaq Badruddin Tr. _9215428 |
||
| 942 |
_hDelta73x, 168P7 _cTEXL _2CC |
||
| 999 |
_c454069 _d454069 |
||